• 首页
  • 本馆介绍
  • 公告通知
  • 最新文献
  • 馆藏检索
  • 电子资源
  • 读者导购
  • 参考咨询
  • 我的图书馆
  • 登录
  • 详细信息显示
  • 放入我的书架
  • 预约/预借图书
  • 作者相关作品
  • 分类相关作品
  • 丛书相关作品
  • 出版社相关作品

书目信息

  • 表格格式
  • 工作单格式
  • 卡片格式
题名:
京韵大鼓语言艺术研究
    
 
作者: 董新颖 著
分册:  
出版信息: 北京   北京理工大学出版社  2014.12
页数: 237页
开本: 24cm
丛书名:
单 册:
中图分类: J826.2
科图分类:
主题词: 京韵大鼓--语言艺术--研究
电子资源:
ISBN: 978-7-5682-0010-3
000 00858nam0 2200229 450
001 351757
005 20161017160602.56
010    @a978-7-5682-0010-3@dCNY56.00
100    @a20150325d2014 em y0chiy50 ea
101 0  @achi
102    @aCN@b110000
105    @ay z 000yy
106    @ar
200 1  @a京韵大鼓语言艺术研究@f董新颖著
210    @a北京@c北京理工大学出版社@d2014.12
215    @a237页@d24cm
330    @a本书尝试运用艺术语言学的研究方法理解京韵大鼓的唱词,从而发掘京韵大鼓独特的语言艺术风格。全书共分7个部分。其中第一部分是绪论。第二至第六部分,即第1~5章,主要从基本句式、特殊词语、修辞手法、韵辙特点、语言特性来阐释京韵大鼓的语言风格及语言特点。第七部分,即第6章是结论。
606 0  @a京韵大鼓@x语言艺术@x研究
690    @aJ826.2@v5
701  0 @a董新颖@c(戏曲)@4著
801  0 @aCN@bTANGWEI@c20161009
905    @b0896365-9@dJ826.2@e139@f5
    
    京韵大鼓语言艺术研究/董新颖著.-北京:北京理工大学出版社,2014.12
    237页;24cm
    
    
    ISBN 978-7-5682-0010-3:CNY56.00
    本书尝试运用艺术语言学的研究方法理解京韵大鼓的唱词,从而发掘京韵大鼓独特的语言艺术风格。全书共分7个部分。其中第一部分是绪论。第二至第六部分,即第1~5章,主要从基本句式、特殊词语、修辞手法、韵辙特点、语言特性来阐释京韵大鼓的语言风格及语言特点。第七部分,即第6章是结论。
●
相关链接 在E读中查询图书 在五车中查询图书 在当当中查询图书 在豆瓣中查询图书


正题名:京韵大鼓语言艺术研究     索取号:J826.2/139         预约/预借

序号 登录号 条形码 馆藏地/架位号 状态 备注
1 0896365   208963656   第一样本阅览室/ [索取号:J826.2/139] 在馆    
2 0896366   208963665   第一借阅区/ [索取号:J826.2/139] 在馆    
3 0896367   208963674   第一借阅区/ [索取号:J826.2/139] 在馆    
4 0896368   208963683   第一借阅区/ [索取号:J826.2/139] 在馆    
5 0896369   208963692   第一借阅区/ [索取号:J826.2/139] 在馆    
唐山师范学院图书馆 欢迎您!
大连网信软件有限公司© 版权所有